Consultation on draft EU foot and mouth directive (Record no. 72090)
[ view plain ]
| 000 -LEADER | |
|---|---|
| fixed length control field | 01191cam a2200217 4500 |
| 001 - CONTROL NUMBER | |
| control field | WB3906-21 |
| 008 - FIXED-LENGTH DATA ELEMENTS--GENERAL INFORMATION | |
| fixed length control field | 030211n2003 000 0 eng u |
| 035 ## - SYSTEM CONTROL NUMBER | |
| System control number | (Sirsi) u121317 |
| 245 ## - TITLE STATEMENT | |
| Title | Consultation on draft EU foot and mouth directive |
| 260 ## - PUBLICATION, DISTRIBUTION, ETC. | |
| Date of publication, distribution, etc. | 2003 |
| 490 ## - SERIES STATEMENT | |
| Series statement | DEFRA News Release |
| Volume/sequential designation | (45/03) 7 February 2003 (2) |
| 520 ## - SUMMARY, ETC. | |
| Summary, etc. | Views are sought on a draft EU Directive for the control of foot and mouth disease (FMD). The Directive includes many of the recommendations made in the UK Inquiry Reports and accepted by government. It also reflects government's view that emergency vaccination should be considered as part of the control plan from the start of any outbreak of FMD. Responses should be sent by Friday 2 May 2003. The consultation document is available from the DEFRA website at http://www.defa.gov.uk/corporate/consult/fmdcontrol/index.htm. DEFRA press release http://www.gnn.gov.uk/gnn/national.nsf/Daily+News/8D8BF930F96E295780256CC6005903C8?opendocument |
| 590 ## - LOCAL NOTE (RLIN) | |
| Local note | WB |
| 650 ## - SUBJECT ADDED ENTRY--TOPICAL TERM | |
| Topical term or geographic name entry element | DEFRA |
| 650 ## - SUBJECT ADDED ENTRY--TOPICAL TERM | |
| Topical term or geographic name entry element | FOOT-AND-MOUTH DISEASE |
| 650 ## - SUBJECT ADDED ENTRY--TOPICAL TERM | |
| Topical term or geographic name entry element | EC DIRECTIVES |
| 650 ## - SUBJECT ADDED ENTRY--TOPICAL TERM | |
| Topical term or geographic name entry element | CONSULTATION |
| 650 ## - SUBJECT ADDED ENTRY--TOPICAL TERM | |
| Topical term or geographic name entry element | EUROPEAN COMMISSION |
| 690 ## - LOCAL SUBJECT ADDED ENTRY--TOPICAL TERM (OCLC, RLIN) | |
| Topical term or geographic name as entry element | Rural |
| 9 (RLIN) | 6268 |
| 942 ## - ADDED ENTRY ELEMENTS (KOHA) | |
| Suppress in OPAC | 0 |
| Withdrawn status | Lost status | Source of classification or shelving scheme | Damaged status | Not for loan | Home library | Current library | Shelving location | Date acquired | Total Checkouts | Full call number | Barcode | Date last seen | Copy number | Price effective from | Koha item type |
|---|---|---|---|---|---|---|---|---|---|---|---|---|---|---|---|
| Dewey Decimal Classification | London | London | News article | 11/02/2003 | WB3906-21 | 121317-1001 | 06/08/2019 | 1 | 06/08/2019 | News article |